Coffee-Producing Countries - Sudden Death - Statistics

General Stats
  • This quiz has been taken 81 times
  • The average score is 13 of 20
Answers on the Grid
Answers color-coded by a green-red scale on the quiz's grid according to % correct below.
Brazil
Bhutan
Maldives
Brunei
Vietnam
Samoa
Colombia
Vanuatu
Indonesia
Fiji
Ethiopia
Comoros
Honduras
Saint Lucia
India
Uganda
Grenada
Mexico
Tonga
Andorra
Peru
Luxembourg
Guatemala
Switzerland
Norway
Nicaragua
Sweden
Côte d'Ivoire
Finland
Costa Rica
Denmark
Tanzania
Slovakia
Kenya
Georgia
Papua New Guinea
Laos
El Salvador
Thailand
 
Answer Stats
Answer % Correct
Brazil
92%
Colombia
84%
Ethiopia
72%
Kenya
70%
Nicaragua
70%
Costa Rica
69%
Guatemala
69%
Mexico
69%
Vietnam
67%
Honduras
66%
El Salvador
62%
Indonesia
62%
Tanzania
61%
Uganda
61%
Thailand
57%
Peru
56%
Côte d'Ivoire
54%
India
54%
Papua New Guinea
52%
Laos
41%
No matching quizzes found
Score Distribution
Percent of People with Each Score
Percentile by Number Answered
Your Score History
You have not taken this quiz